00756cam a22002171i 4500001000800000005001700008008004100025010001700066035001900083040002200102050003300124100003700157245004400194250001800238260003000256300002100286500009400307500003700401500005800438655004200496797772220160201154711.0810107s1963 nyu 000 1 eng  a 63017971  a(OCoLC)7050692 aDLCcTxUdFOdDLC00aPZ3.C83942bOlaPS3505.O96361 aCoxe, George Harmon,d1901-1984.10aOne hour to kill /cGeorge Harmon Coxe. aBook club ed. aNew York :bKnopf,c1963. a182 p. ;c22 cm. a"Based in part on the novelette The Fatal Hour, which appeared in The American magazine." aJacket design by Arthur Hawkins. aLinotype face (Caledonia) designed by W. A. Dwiggins. 7aDetective and mystery stories.2gsafd